| 000 | 00489nam a2200169Ia 4500 | ||
|---|---|---|---|
| 008 | 240729s9999 xx 000 0 und d | ||
| 022 | _a2755-0079 | ||
| 245 | 0 | _aHealth and Social Care Delivery Research | |
| 260 | _aUnited Kingdom | ||
| 260 | _bNIHR Journals Library | ||
| 650 | _a Medicine (General) | Medicine | ||
| 650 | _a Public aspects of medicine | ||
| 650 | _aMedicine | ||
| 856 | _uhttps://doaj.org/toc/d8325a98c994413ebdba4b0c8ec92211 | ||
| 942 | _2ddc | ||
| 942 | _cDOAJEJ | ||
| 999 |
_c68877 _d68877 |
||
| 945 |
_a1 _bMadushi Gamage _c1 _dMadushi Gamage |
||